000 00759nam a22001937a 4500
999 _c60885
_d60885
005 20231114163303.0
008 231114s1961 ru ||||| |||| 00| 0 rus d
041 _arus
080 _a572.4 -73
100 _aАугуста, Йозеф
_920373
245 _aЖизнь древнего человека /
_cЙосеф Аугуста, Зденек Буриан; [перевод с чешского: И. Грязнова].
264 _aПрага:
_bАртия,
_c[1961].
300 _a67 стр.:
_bил.;
_c35 см.
653 _aმაიმუნები
653 _aქვის ხანა
653 _aნეანდერტალელები
653 _aუძველესი ადამიანი
942 _2udc
_cᲬᲘᲒᲜᲘ